Escritores de la Argentina /

Guardado en:
Autor Principal: Echagüe, Juan Pablo.
Formato: Libro
Idioma:Undetermined
Publicado: Buenos Aires : Emecé Editores S.A., 1945.
Materias:
Etiquetas: Agregar Etiqueta
Sin Etiquetas, Sea el primero en etiquetar este registro!
LEADER 00550nam a22001695a 4500
001 EHU.bham045877
005 20111223092557.0
008 110404s1945####ag############000#0#und#d
100 1 |a Echagüe, Juan Pablo. 
245 0 0 |a Escritores de la Argentina /  |c Juan Pablo Echagüe. 
260 |a Buenos Aires :  |b Emecé Editores S.A.,  |c 1945. 
300 |a 149 p. 
600 1 7 |a Leopoldo Lugones. 
600 1 7 |a Eduardo Wilde. 
600 1 7 |a Gregorio de Laferrere. 
653 |a Colección Lejarraga 
859 |a AR-BHAM  |b BIB. HUMANIDADES - Donacion Lejarraga  |h MFN000096  |p 000096.19